Data Tutashkhia : Book One (Record no. 1823)

000 -LEADER
fixed length control field 01066nam a22003377a 4500
001 - CONTROL NUMBER
control field 3860494
003 - CONTROL NUMBER IDENTIFIER
control field OSt
005 - DATE AND TIME OF LATEST TRANSACTION
control field 20210419082513.0
008 - FIXED-LENGTH DATA ELEMENTS--GENERAL INFORMATION
fixed length control field 880413s1985 ru a 000 1 eng
010 ## - LIBRARY OF CONGRESS CONTROL NUMBER
LC control number 88130410
020 ## - INTERNATIONAL STANDARD BOOK NUMBER
International Standard Book Number 5050000068 (set)
020 ## - INTERNATIONAL STANDARD BOOK NUMBER
International Standard Book Number 5050000076 (v. 1)
020 ## - INTERNATIONAL STANDARD BOOK NUMBER
International Standard Book Number 5050000084 (v. 2)
040 ## - CATALOGING SOURCE
Original cataloging agency DLC
Transcribing agency DLC
Modifying agency DLC
Language of cataloging eng
041 1# - LANGUAGE CODE
Language code of text/sound track or separate title enggeo
050 00 - LIBRARY OF CONGRESS CALL NUMBER
Classification number PK9169.A52
Item number D3813 1985
080 ## - UNIVERSAL DECIMAL CLASSIFICATION NUMBER
Universal Decimal Classification number 821.111
Item number A-48
082 00 - DEWEY DECIMAL CLASSIFICATION NUMBER
Classification number 899/.96
Edition number 19
100 ## - MAIN ENTRY--PERSONAL NAME
Personal name Amiredzhibi, Chabua
9 (RLIN) 1100
240 10 - UNIFORM TITLE
Uniform title Datʻa Tʻutʻašxia.
Language of a work English
245 10 - TITLE STATEMENT
Title Data Tutashkhia : Book One
Remainder of title a novel /
Statement of responsibility, etc. / by: Raduga Publishers
260 ## - PUBLICATION, DISTRIBUTION, ETC.
Place of publication, distribution, etc. Moscow
Name of publisher, distributor, etc. Raduga Publishers
Date of publication, distribution, etc. c1985.
300 ## - PHYSICAL DESCRIPTION
Extent v 1, 347 p.
Other physical details ill.
Dimensions 21 cm.
500 ## - GENERAL NOTE
General note Translation of: Datʻa Tʻutʻašxia.
650 #0 - SUBJECT ADDED ENTRY--TOPICAL TERM
9 (RLIN) 254
Topical term or geographic name entry element English literature
653 ## - INDEX TERM--UNCONTROLLED
Uncontrolled term ინგლისური ლიტერატურა
700 ## - ADDED ENTRY--PERSONAL NAME
9 (RLIN) 1101
Personal name Bouis, W. Antonina
Relator term Translator
906 ## - LOCAL DATA ELEMENT F, LDF (RLIN)
a 7
b cbc
c orignew
d 2
e ncip
f 19
g y-gencatlg
942 ## - ADDED ENTRY ELEMENTS (KOHA)
Source of classification or shelving scheme
Koha item type Books
Holdings
Withdrawn status Lost status Source of classification or shelving scheme Damaged status Not for loan Permanent location Current location Date acquired Inventory number Total Checkouts Full call number Barcode Date last seen Price effective from Koha item type
          Ken Walker International University Ken Walker International University 03/01/2021 619   821.111 A-48 619 03/01/2021 03/01/2021 Books

Powered by Koha